00598nam a2200181Ia 450000500170000000800410001704000190005804100120007708200160008924501100010526000390021530000410025450400190029565000280031465100390034270000250038185000100040620220713151259.0131103s9999 xx 000 0 und d aLoreto College aEnglish a307.76bALA aPerspectives on urbanization and migrationb India and USSR cedited by S.Manzoor Alam and Fatima Alikhan aAhmedabadbAllied Publishersc1987 axxiv, 550 p.b ill., figures, tables aIncludes index aMigration - India, USSR aFactors affecting social behaviour aAlam, S.Manzoor4ed. aLCLIB